Agua y tierra en la región del Conchos - San Pedro, Chihuahua, 1720-1938 : (Record no. 1289)

MARC details
000 -CABECERA
campo de control de longitud fija 00687nam a2200205 a 4500
005 - FECHA Y HORA DE LA ÚLTIMA TRANSACCIÓN
campo de control 20230505063549.0
008 - ELEMENTOS DE LONGITUD FIJA--INFORMACIÓN GENERAL
campo de control de longitud fija 991125s1986 mx 000 0 spa u
020 ## - NÚMERO INTERNACIONAL NORMALIZADO PARA LIBROS
Número Internacional Estándar del Libro 9684960972
035 ## - NÚMERO DE CONTROL DEL SISTEMA
Número de control de sistema UPN01000001289
049 ## - COLECCIÓN
Colección SEP
050 #4 - SIGNATURA TOPOGRÁFICA DE LA BIBLIOTECA DEL CONGRESO
Número de clasificación F1261
Número de documento/Ítem A49
245 00 - MENCIÓN DE TÍTULO
Título Agua y tierra en la región del Conchos - San Pedro, Chihuahua, 1720-1938 :
Resto del título fuentes para una historia agraria /
Mención de responsabilidad, etc. comp. Luis Aboites Aguilar.
260 ## - PUBLICACIÓN, DISTRIBUCIÓN, ETC.
Lugar de publicación, distribución, etc. México :
Nombre del editor, distribuidor, etc. SEP,
Fecha de publicación, distribución, etc. 1986.
300 ## - DESCRIPCIÓN FÍSICA
Extensión 187 p.
440 #0 - MENCIÓN DE SERIE/ASIENTO SECUNDARIO--TÍTULO
Título Cuadernos de la casa chata ;
Designación de volumen o secuencia 131
651 #4 - ASIENTO SECUNDARIO DE MATERIA - NOMBRE GEOGRAFICO
Nombre geográfico CHIHUAHUA -
Subdivisión general CONDICIONES SOCIALES
9 (RLIN) 13407
651 #7 - ASIENTO SECUNDARIO DE MATERIA - NOMBRE GEOGRAFICO
Nombre geográfico Chihuahua
Subdivisión general Historia
Fuente del encabezamiento o término
9 (RLIN) 11083
700 1# - ASIENTO SECUNDARIO--NOMBRE DE PERSONAL
Nombre de persona Aboites Aguilar, Luis,
Término indicativo de función/relación comp.
9 (RLIN) 28309
905 ## - TIPO DE MATERIAL
Tipo de material Libro
Holdings
Estado de retiro Estado de pérdida Fuente del sistema de clasificación o colocación Estado dañado No para préstamo Código de colección Localización permanente Ubicación/localización actual Ubicación en estantería Fecha de adquisición Clasificación Código de barras Fecha visto por última vez Número de copia Tipo de ítem Koha
    Library of Congress Classification   Coleccion SEP Colección SEP Bib. Gregorio Torres Quintero Bib. Gregorio Torres Quintero Colección SEP 09/05/2023 F1261 A49 105036 31/12/2020 1 Libro